Professional javascript for web developers / (Record no. 607395)
[ view plain ]
| 000 -LEADER | |
|---|---|
| fixed length control field | 01954nam a22002775i 4500 |
| 001 - CONTROL NUMBER | |
| control field | 20648775 |
| 005 - DATE AND TIME OF LATEST TRANSACTION | |
| control field | 20240108150043.0 |
| 008 - FIXED-LENGTH DATA ELEMENTS--GENERAL INFORMATION | |
| fixed length control field | 180828s2019 inu 000 0 eng |
| 010 ## - LIBRARY OF CONGRESS CONTROL NUMBER | |
| LC control number | 2018956541 |
| 040 ## - CATALOGING SOURCE | |
| Original cataloging agency | DLC |
| Language of cataloging | eng |
| Description conventions | rda |
| Transcribing agency | DLC |
| 042 ## - AUTHENTICATION CODE | |
| Authentication code | pcc |
| 082 ## - DEWEY DECIMAL CLASSIFICATION NUMBER | |
| Classification number | 005.2762,FRI |
| 100 1# - MAIN ENTRY--PERSONAL NAME | |
| Personal name | Matt, Frisbie. |
| 9 (RLIN) | 119868 |
| 245 10 - TITLE STATEMENT | |
| Title | Professional javascript for web developers / |
| Statement of responsibility, etc. | Matt Frisbie. |
| 250 ## - EDITION STATEMENT | |
| Edition statement | 4th edition. |
| 263 ## - PROJECTED PUBLICATION DATE | |
| Projected publication date | 1902 |
| 264 #1 - PRODUCTION, PUBLICATION, DISTRIBUTION, MANUFACTURE, AND COPYRIGHT NOTICE | |
| Place of production, publication, distribution, manufacture | Indianapolis, IN : |
| Name of producer, publisher, distributor, manufacturer | John Wiley & Sons, |
| Date of production, publication, distribution, manufacture, or copyright notice | 2019. |
| 300 ## - PHYSICAL DESCRIPTION | |
| Extent | 1145p. |
| 336 ## - CONTENT TYPE | |
| Content type term | text |
| Content type code | txt |
| Source | rdacontent |
| 337 ## - MEDIA TYPE | |
| Media type term | unmediated |
| Media type code | n |
| Source | rdamedia |
| 338 ## - CARRIER TYPE | |
| Carrier type term | volume |
| Carrier type code | nc |
| Source | rdacarrier |
| 505 ## - FORMATTED CONTENTS NOTE | |
| Formatted contents note | Foreword (Page-Xlvii), Introduction (Page-Xlix), What Is Javascript? (Page-1), Javascript in Html (Page-13), Language Basics (Page-25), Variables, Scope, and Memory (Page-101), Basic Reference Types (Page-125), Collection Reference Types (Page-167), Iterators and Generators (Page-225), Objects, Classes, and Object-Oriented Programming (Page-251), Proxies and Reflect (Page-323), Functions (Page-349), Promises and Async Functions (Page-391), The Browser Object Model (Page-437), Client Detection (Page-465),The Document Object Model (Page-491), Dom Extensions (Page-543), Dom Levels 2 and 3 (Page-563), Events (Page-601), Animation and Graphics with Canvas (Page-671), Scripting forms (Page-707), Javascript Apis (Page-743), Error Handling and Debugging (Page-823), Xml in Javascript (Page-849), Json (Page-861), Network Requests and Remote Resources (Page-871), Client-Side Storage (Page-919), Modules (Page-945), Workers (Page-969), Best Practices (Page-1035), Appendix A: Es2018 And Es2019 (Page-1067), Appendix B: Strict Mode (Page-1087), Appendix C: Javascript Libraries and Frameworks (Page-1095),Appendix D: Javascript Tools (Page-1101),Index (Page-1113). |
| 906 ## - LOCAL DATA ELEMENT F, LDF (RLIN) | |
| a | 0 |
| b | ibc |
| c | orignew |
| d | 2 |
| e | epcn |
| f | 20 |
| g | y-gencatlg |
| 942 ## - ADDED ENTRY ELEMENTS (KOHA) | |
| Source of classification or shelving scheme | |
| Koha item type | Book |
| Call number prefix | 005.2762,FRI |
| Withdrawn status | Lost status | Source of classification or shelving scheme | Damaged status | Not for loan | Permanent Location | Current Location | Shelving location | Date acquired | Total Checkouts | Full call number | Barcode | Date last seen | Price effective from | Koha item type | Public note |
|---|---|---|---|---|---|---|---|---|---|---|---|---|---|---|---|
| Military College of Signals (MCS) | Military College of Signals (MCS) | Reference | 01/08/2024 | 005.2762,FRI | MCS38351 | 01/08/2024 | 01/08/2024 | Book | Almirah No.17, Shelf No.6 |
